000 00585nam a22002177a 4500
003 UA-OsUOA
001 52660
007 ta
008 20080227b un ||||| |||| 00| 0 ukr d
100 _aМитиков Ю.
090 _a94(477)
_bМ-12
942 _cSA
040 _aUA-OsUOA
_bukr
_cUA-OsUOA
_dUA-OsUOA
245 _aНайбільша таємниця радянської ракетної техніки
300 _aС.13
955 _a0
041 _aukr
080 _a94(477)
773 0 _w52659
650 7 _a9 Географія. Біографії. Історія
_2UDC
999 _c338750
_d338750